| 000 | 00892pam a2200277 a 4500 | ||
|---|---|---|---|
| 001 | 2997418 | ||
| 003 | OSt | ||
| 005 | 20250901165656.0 | ||
| 008 | 930730s1994 tnu 000 1 eng | ||
| 010 | _a 93030197 | ||
| 020 | _a0785282092 (pbk.) | ||
| 040 |
_aDLC _cDLC _dDLC |
||
| 050 | 0 | 0 |
_aPS 3558 .A4427 G8 1994 _bG8 1994 |
| 082 | 0 | 0 |
_a813/.54 _220 |
| 100 | 1 |
_aHamilton, Jane, _d1972- |
|
| 245 | 1 | 4 |
_aThe guardian / _cJane Hamilton. |
| 260 |
_aNashville : _bT. Nelson Publishers, _cc1994. |
||
| 300 |
_a239 p. ; _c21 cm. |
||
| 500 | _a"A Jan Dennis book." | ||
| 500 | _a"A novel"--Cover. | ||
| 650 | 0 |
_aGuardian angels _vFiction. |
|
| 655 | 7 |
_aChristian fiction. _2lcsh |
|
| 906 |
_a7 _bcbc _corignew _d1 _eocip _f19 _gy-gencatlg |
||
| 942 |
_2lcc _cBK |
||
| 999 |
_c7606 _d7606 |
||